[Event "AUTO-ADV-1089"]
[Site "http://www.queenalice.com/game.php?id=567897"]
[Date "2009.4.6"]
[Round "2"]
[White "Artking"]
[Black "Conran"]
[Result "1-0"]
[WhiteElo "1702"]
[BlackElo "1886"]

1. e4 e6 2. d4 d5 3. Nc3 c5 4. e5 Nc6 5. f4 cxd4 6. Nce2 Bb4+ 7. Kf2 Qb6 8. Qd3
Nge7 9. Nf3 Nf5 10. a3 Bc5 11. b4 Bxb4 12. axb4 Nxb4 13. Qb3 d3+ 14. Ned4 Nxd4
15. Nxd4 Qxd4+ 16. Be3 Qxa1 17. Qxb4 dxc2 18. Bb5+ Bd7 19. Bxd7+ Kxd7 20. Qxb7+
Kd8 21. Rxa1 Rc8 22. Rxa7 1-0

[Event "AUTO-ADV-1089"]
[Site "http://www.queenalice.com/game.php?id=567898"]
[Date "2009.4.6"]
[Round "2"]
[White "Conran"]
[Black "pedone"]
[Result "0-1"]
[WhiteElo "1876"]
[BlackElo "1804"]

1. d4 d5 2. c4 Nf6 3. cxd5 Nxd5 4. e4 Nb6 5. Nc3 e6 6. Nf3 a6 7. Be2 Be7 8. O-O
N8d7 9. Bf4 Nf6 10. Qd2 c6 11. Rac1 Bb4 12. a3 Bxc3 13. Qxc3 O-O 14. Bg5 Nxe4
15. Bxd8 Nxc3 16. Rxc3 Rxd8 17. Rd1 Nd5 18. Rc2 Nf4 19. Bc4 b5 20. Ba2 Bb7 21.
b4 Rd6 22. g3 Nh5 23. Ne5 Kf8 24. f4 Nf6 25. Kf2 a5 26. Ke3 axb4 27. axb4 Ra3+
28. Rd3 Ra4 29. Rb2 h6 30. h4 Nd5+ 31. Bxd5 exd5 32. Kf3 Kg8 33. Rc3 Ra8 34.
Rbb3 Re8 35. Ra3 Rb8 36. Ra7 f6 37. Ng6 Re6 38. Re3 Rxe3+ 39. Kxe3 Kf7 40. f5
Ke8 41. Kf4 Kd7 42. g4 Kc7 43. g5 Re8 44. gxf6 gxf6 45. Kg4 Re4+ 46. Kh5 Kb6 47.
Ra1 Rxd4 48. Rb1 Bc8 0-1

[Event "AUTO-ADV-1089"]
[Site "http://www.queenalice.com/game.php?id=567899"]
[Date "2009.4.6"]
[Round "2"]
[White "pedone"]
[Black "Conran"]
[Result "1-0"]
[WhiteElo "1866"]
[BlackElo "1809"]

1. e4 e6 2. d4 d5 3. e5 c5 4. c3 Nc6 5. Nf3 Bd7 6. Be2 f6 7. O-O Qc7 8. Bf4 cxd4
9. cxd4 Qb6 10. b3 Be7 11. Nc3 fxe5 12. dxe5 Bb4 13. Na4 Qc7 14. a3 Ba5 15. b4
Bb6 16. Rc1 a6 17. Nxb6 Qxb6 18. h3 Nge7 19. Re1 O-O 20. Qd2 Ng6 21. Bg3 Rf7 22.
Rc5 Raf8 23. Rec1 Qc7 24. b5 axb5 25. Bxb5 Qb8 26. Qe3 Qe8 27. a4 Qe7 28. a5 Nb8
29. Rc7 Qb4 30. Bxd7 Nxd7 31. Qa7 Qb2 32. Qxb7 Qxb7 33. Rxb7 Ndxe5 34. Rxf7 Nxf7
35. a6 Ra8 36. Ra1 Nd8 37. Nd4 Ne7 38. Nb5 Ndc6 39. Nc7 Ra7 40. Nxe6 Nb4 41. Nc5
Nec6 42. Kf1 d4 43. Ke2 Kf7 44. f3 Kf6 45. Bf2 Ke5 46. Nd3+ Kd5 47. Bg3 Rxa6 48.
Nf4+ Kc4 49. Rc1+ Kb3 50. Be1 Ra2+ 51. Bd2 Rc2 52. Ne6 Rxc1 53. Bxc1 Kc2 54. Bd2
d3+ 55. Ke1 Nd5 56. Nxg7 Ne5 57. Ne6 Nc4 58. Nd4+ Kb1 59. g3 1-0

[Event "Challenge"]
[Site "http://www.queenalice.com/game.php?id=576357"]
[Date "2009.4.23"]
[Round "-"]
[White "ORNELAS"]
[Black "Conran"]
[Result "0-1"]
[WhiteElo "1627"]
[BlackElo "1855"]

1. d4 d5 2. e3 Nf6 3. c4 c6 4. c5 Bg4 5. Nf3 e6 6. h3 Bxf3 7. Qxf3 Be7 8. Qg3
O-O 9. Qf3 Nbd7 10. b4 Ne4 11. Bb2 Ndf6 12. Bd3 Qc7 13. a3 b6 14. O-O Rab8 15.
cxb6 Rxb6 16. Qe2 Rfb8 17. Nd2 Nxd2 18. Qxd2 a5 19. Rab1 axb4 20. axb4 Rxb4 21.
Qc2 Qb6 22. f4 Rxb2 23. Qa4 Qc7 24. Qa1 Rxb1 25. Rxb1 Rxb1+ 26. Bxb1 g6 27. Qa8+
Kg7 28. Qa4 c5 29. dxc5 Qxc5 30. Qb3 Qc1+ 31. Kh2 Bc5 32. Bd3 Qxe3 33. Qc3 Qxf4+
34. Kh1 Qf2 35. Kh2 Bd4 36. Qc1 Nh5 37. Qf1 Be5+ 38. Kh1 Ng3+ 39. Kh2 Nxf1+ 40.
Kh1 Bh2 41. Bxf1 Qg1# 0-1

[Event "Challenge"]
[Site "http://www.queenalice.com/game.php?id=582945"]
[Date "2009.5.4"]
[Round "-"]
[White "penetrator"]
[Black "Conran"]
[Result "0-1"]
[WhiteElo "1215"]
[BlackElo "1853"]

1. e4 e6 2. d4 d5 3. e5 c5 4. b4 cxd4 5. Qxd4 Nc6 6. Qd2 Bxb4 7. c3 Ba5 8. f4 f6
9. exf6 Nxf6 10. Nf3 O-O 11. g3 Ne4 12. Qb2 d4 13. Bd3 dxc3 14. Qb5 c2+ 15. Nc3
Bxc3+ 16. Kf1 Bxa1 0-1

[Event "Challenge"]
[Site "http://www.queenalice.com/game.php?id=590195"]
[Date "2009.5.18"]
[Round "-"]
[White "mteles"]
[Black "Conran"]
[Result "1-0"]
[WhiteElo "1936"]
[BlackElo "1795"]

1. e4 e6 2. d3 d5 3. Qe2 Be7 4. g3 Nf6 5. Nf3 O-O 6. Bg2 c5 7. O-O Nc6 8. e5 Ne8
9. c4 f6 10. Nc3 fxe5 11. Nxe5 Bd6 12. Nxc6 bxc6 13. cxd5 cxd5 14. Nxd5 Rb8 15.
Nf4 Bxf4 16. Bxf4 Rxf4 17. gxf4 Qh4 18. Qf3 Nf6 19. Qg3 Qh6 20. Qg5 Qxg5 21.
fxg5 Nd5 22. b3 1-0

[Event "Challenge"]
[Site "http://www.queenalice.com/game.php?id=594867"]
[Date "2009.5.28"]
[Round "-"]
[White "Conran"]
[Black "califkid"]
[Result "0-1"]
[WhiteElo "1857"]
[BlackElo "1581"]

1. d4 d5 2. c4 Nf6 3. cxd5 Qxd5 4. Nc3 Qa5 5. Bd2 Qb6 6. Nf3 a6 7. e3 Qxb2 8.
Bc4 Qb6 9. Rb1 Qa7 10. Qb3 e6 11. d5 b5 12. Bd3 Bd6 13. O-O O-O 14. e4 Ng4 15.
Qc2 Bc5 16. Nd1 e5 17. h3 Nf6 18. Nxe5 Re8 19. Nf3 g6 20. Bc3 Nbd7 21. Re1 Nxd5
22. exd5 Rxe1+ 23. Nxe1 Bb7 24. Be4 Re8 25. Qd3 Bd6 26. Nf3 Qb8 0-1

[Event "QA-ANNIV-04"]
[Site "http://www.queenalice.com/game.php?id=644158"]
[Date "2009.8.29"]
[Round "6"]
[White "Conran"]
[Black "Random314"]
[Result "0-1"]
[WhiteElo "1787"]
[BlackElo "1648"]

1. d4 Nf6 2. c4 g6 3. Nc3 Bg7 4. e4 d6 5. f4 O-O 6. Nf3 c6 7. Be2 a5 8. a4 b6 9.
O-O Bb7 10. Be3 Ng4 11. Qd2 e6 0-1

[Event "Challenge"]
[Site "http://www.queenalice.com/game.php?id=702283"]
[Date "2009.12.23"]
[Round "-"]
[White "ORNELAS"]
[Black "Conran"]
[Result "1-0"]
[WhiteElo "1760"]
[BlackElo "1785"]

1. e4 e6 2. e5 d5 3. d4 c5 4. Nf3 Nc6 5. c3 Qc7 6. Bf4 cxd4 7. cxd4 Bb4+ 8. Nbd2
Nge7 9. a3 Ba5 10. b4 Bb6 11. g3 Nxd4 12. Nxd4 Bxd4 13. Rc1 Qb6 14. Qe2 Bb2 15.
Rd1 Bxa3 16. Bg2 Bd7 17. Rb1 Bxb4 18. O-O Bb5 19. Qg4 Bxf1 20. Bxf1 Nf5 21. Qg5
O-O 22. Nf3 Be7 23. Rxb6 Bxg5 24. Rxb7 Bxf4 25. gxf4 a5 26. Bb5 Rfb8 27. Rxb8+
Rxb8 28. Bd7 Rb4 29. Kg2 a4 30. Bxa4 Rxa4 31. Ng5 Rxf4 32. f3 Rc4 33. h3 h6 34.
f4 hxg5 35. fxg5 Rc3 36. h4 Nxh4+ 37. Kf2 d4 38. Ke2 Nf3 39. Kf2 Nxe5 40. Ke2
Rc2+ 41. Kd1 Rh2 42. Kc1 1-0